000 00652nam a22001937a 4500
005 20241019102040.0
008 241019b |||||||| |||| 00| 0 eng d
020 _a9781845680343
050 _aKD661.
_bE543
100 _aSlapper, Gary;
245 _aThe English Legal System
_cSlapper, Gary; Kelly, David
250 _aEighth Ed.
260 _aNew York
_aCanada
_bRoutledge-Cavendish
_c2006
300 _axliv; 738 pages;
_bIndex
_c25cm
500 _aEnglish Legal System / English Law / Introduction to Law
650 _2English Law
_aBritish
_xLegal System
700 _aSlapper, Gary
_cThe English Legal System
_eAuthor
942 _2lcc
_cBK
_eEighth Ed.
_n0
999 _c74
_d74